000 00583nam a2200169Ia 4500
003 GCL
008 140319s9999 xx 000 0 ara d
040 _aGCL /
_cGCL
082 0 4 _a956.04
_bط ص
100 1 _aطه الفرنوانى
245 1 0 _aالصراع العربى الاسرائيلى فى ضمير دبلوماسى مصرى /
_cطه الفرنوانى
260 _a[S.N] :
_bدار المسيرة للنشر والتوزيع والطباعة ،
_c1994
300 _a323 ص
490 _a
650 0 4 _aالنزاع العربى الاسرائيلى
942 _2ddc
_cBK
999 _c53331
_d53331